Регионална библиотека "Любен Каравелов" - Русе

Сянката на Цион (Запис номер 51026)

MARC детайли
000 -Лидер
Контролно поле с фиксирана дължина 02735nam a2200517 c 4500
003 - Код на организацията, давaща контролен номер
Контролно поле BLK
005 - Дата и час на последна редакция
Контролно поле 20250426143526.0
008 - Елементи от данни с фиксирана дължина
fixed length control field 180408b bul|||||r ||||||| ||bul||
010 ## - Наследен системен номер
LC control number KNG00054924000
020 ## - Международен стандартен номер на книга ISBN
Международен стандартен номер на книга ISBN 954-8041-20-0
-- издат.: Огледало - на том(ч. 4, т. 1)
040 ## - Източник на каталожния запис
Идентификатор на билиотеката - собственик на записа BLK
041 ## - Код за език
Код за езика на текст/звукозапис или на отделно заглавие Български
Код за езика КДБФ Български
080 ## - УДК
Текстов определител УДК Движения в полза на определени раси и националности (ционизъм, негърският въпрос в САЩ и др.)
УДК код - определител по УДК 323.13
УДК определител (=924)(091)
УДК - код + определител 323.13(=924)(091)
080 ## - УДК
Текстов определител УДК Движения срещу определени раси и националности
УДК код - определител по УДК 323.12
УДК определител (=924)
УДК - код + определител 323.12(=924)
080 ## - УДК
Текстов определител УДК Еврейска религия. Юдаизъм-Тора, пророци, Писания(Танах(Тенак)или Библия). Талмуд, Мидраш, Зоар(Устния закон). Секти(самаряни, фарисеи, садукеи, есейски и кумрански общини, прозелити. Халак
УДК код - определител по УДК 26
УДК определител
УДК - код + определител 26
080 ## - УДК
Текстов определител УДК История на Втората световна война (1939-1945)
УДК код - определител по УДК 940.53
УДК определител
УДК - код + определител 940.53
080 ## - УДК
Текстов определител УДК Международни политически отношения. Световна политика. Международна политика. Дипломация
УДК код - определител по УДК 327
УДК определител
УДК - код + определител 327
100 1# - Редна дума - Автор
Автор Ифандиев, Георги Менелаев
Авторска отговорност първи автор
R(LIN) 73236
139 ## - Редно поле
Редна дума Ифандиев, Георги Менелаев
Авторски знак Ит - И 96
245 10 - Сведения за заглавието
Заглавие Сянката на Цион
Подзаглавни данни Ч. 1 -
Редно поле (дума) Георги Менелаев Ифандиев.
Том Ч. 4. Т. 1
257 ## - Страна на издаване
Страна на създаване/издаване България
260 ## - Област на издателските данни
-- София
Година на издаване 2003 -
300 ## - Физическа характеристика
Размери/Мащаб 20 см
380 ## - Жанр
Жанр История
500 ## - Общи забележки
Забележка Офс. изд. - Библиогр. с. 235-268.
504 ## - Забележка за наличие на библиография и др
Забележка за наличие на библиография и под. 235-268
650 #4 - Допълнително описание по предмет – тема
Основно описание – тема или топоним Ционизъм
9 (RLIN) 177316
650 #4 - Допълнително описание по предмет – тема
Основно описание – тема или топоним Европа - история
9 (RLIN) 255665
650 #4 - Допълнително описание по предмет – тема
Основно описание – тема или топоним Евреи - история
9 (RLIN) 245385
650 #4 - Допълнително описание по предмет – тема
Основно описание – тема или топоним Юдаизъм
9 (RLIN) 177984
650 #4 - Допълнително описание по предмет – тема
Основно описание – тема или топоним Еврейски въпрос
9 (RLIN) 265152
650 #4 - Допълнително описание по предмет – тема
Основно описание – тема или топоним Втора световна война - жестокости
9 (RLIN) 265154
650 #0 - Допълнително описание по предмет – тема
Основно описание – тема или топоним Международни отношения
9 (RLIN) 245477
653 ## - Ключова дума – ненормативна
Ключова дума евреи
653 ## - Ключова дума – ненормативна
Ключова дума история
653 ## - Ключова дума – ненормативна
Ключова дума ционизъм
653 ## - Ключова дума – ненормативна
Ключова дума еврейски въпрос
653 ## - Ключова дума – ненормативна
Ключова дума международни отношения
760 1# - Описание на основната серия
-- - на том(ч. 4, т. 1)
Редна дума на основното описание Ифандиев, Георги Менелаев
Място на издаване, издател и година Огледало, 2005
Страници - том 269 с.
Заглавие Ч. 4. Т. 1
852 ## - Местоположение
Форматна сигнатура Цб 213602
856 4# - Електронен адрес и достъп
Електронен формат pdf - файл
Път до файла /url/
856 4# - Електронен адрес и достъп
Електронен формат pdf - файл
Път до файла /url/
942 ## - АРТИКУЛИ
Вид на библиотечния материал Книги
Скрит в OPAC Не
Koha issues (borrowed), all copies 4
944 ## - СЪЗДАВАНЕ И РЕДАКЦИЯ на ЗАПИСА
Създаване/Редакция Създаване
Дата на регистрацията/редакция 22.08.2005
Статус, дата на статуса Севдалина Тодорова
Служител, извършил регистрацията/редакцията 30540
944 ## - СЪЗДАВАНЕ И РЕДАКЦИЯ на ЗАПИСА
Създаване/Редакция Редакция
Дата на регистрацията/редакция 19.11.2010
Статус, дата на статуса ф /
Служител, извършил регистрацията/редакцията
999 ## - СИСТЕМНИ КОНТРОЛНИ НОМЕРА
Koha biblionumber 51026
Koha biblioitemnumber 51026
Наличности
Код за отписване Код за изгубен артикул Източник на класификационната схема Код за повреда Коз за рестрикции Код за отдаване Артикулен № Име на библиотеката - собственик Име на библиотеката, в която се намира в момента Статус (Текущо местоположение) Дата на вписване в системата Местоположение - отдел Цена в лева Инвентарен номер Систематично азбучна сигнатура Баркод Номер на екземпляра Цена в евро Служебна бележка Служебен тип на артикула
  Не е изгубен Universal Decimal Classification Не е повреден без рестрикции заемане за дома 80299 Регионална библиотека "Любен Каравелов" Русе Регионална библиотека "Любен Каравелов" Русе Заемна - подръчен фонд 2005-08-22 Заемна - подръчен фонд 8.00 120000696282 П 323/И 96 120000696282 1 4.09 Дост: Pk Вид: Ф N: 8 Дата: 22.08.2005 Дата инв: 02.02.2018 Бележки инв: П2018 Книги
  Не е изгубен   Не е повреден без рестрикции ползва се в читалня 80300 Регионална библиотека "Любен Каравелов" Русе Регионална библиотека "Любен Каравелов" Русе Хранилище 2010-09-23 Хранилище 8.00 120000745878 Цб 213602 120000745878 2 4.09 Дост: Dp Вид: Д N: 4 Дата: 13.01.2010 Книги
Vip Innovations Ltd, Rousse, Bulgaria 2025